[Event "Steinfurt Bezirksklasse 1819"]
[Site "Germany"]
[Date "2018.12.01"]
[Round "3.1"]
[White "Van Dam, Hans"]
[Black "Berken, Andre"]
[Result "1-0"]
[WhiteElo "1527"]
[BlackElo "1343"]
[PlyCount "45"]
[EventDate "2018.09.29"]
[EventType "team-tourn"]
[EventRounds "7"]
[EventCountry "GER"]
[SourceTitle "EXT 2020"]
[Source "ChessBase"]
[SourceDate "2019.10.17"]
[SourceVersion "1"]
[SourceVersionDate "2019.10.17"]
[SourceQuality "1"]
[WhiteTeam "Rheine Klein Berlin III"]
[BlackTeam "Nordwalde II"]
[WhiteTeamCountry "GER"]
[BlackTeamCountry "GER"]

1. e4 c5 2. Nf3 Nc6 3. d4 cxd4 4. Nxd4 e5 5. Nxc6 bxc6 6. Bd3 Bc5 7. 0-0 Nf6 8. Bg5 d5 9. exd5 cxd5 10. Bxf6 Qxf6 11. Bb5+ Ke7 12. Qxd5 Rd8 13. Qxc5+ Qd6 14. Qxd6+ Rxd6 15. Bc4 Bf5 16. Bb3 Rc8 17. Na3 f6 18. Nc4 Rd7 19. Ne3 Be4 20. f3 Bb7 21. Rad1 Rcd8 22. Rxd7+ Rxd7 23. Rd1 1-0

[Event "Steinfurt Bezirksklasse 1819"]
[Site "Germany"]
[Date "2018.11.10"]
[Round "2.1"]
[White "Utmann, Peter"]
[Black "Van Dam, Hans"]
[Result "0-1"]
[WhiteElo "1414"]
[BlackElo "1527"]
[PlyCount "69"]
[EventDate "2018.09.29"]
[EventType "team-tourn"]
[EventRounds "7"]
[EventCountry "GER"]
[SourceTitle "EXT 2020"]
[Source "ChessBase"]
[SourceDate "2019.10.17"]
[SourceVersion "1"]
[SourceVersionDate "2019.10.17"]
[SourceQuality "1"]
[WhiteTeam "Reckenfeld II"]
[BlackTeam "Rheine Klein Berlin III"]
[WhiteTeamCountry "GER"]
[BlackTeamCountry "GER"]

1. c4 c5 2. Nc3 Nc6 3. d4 cxd4 4. Nb5 e5 5. Nf3 a6 6. Qa4 Rb8 7. Na3 Bb4+ 8. Bd2 Bxd2+ 9. Nxd2 Qe7 10. Nc2 Nf6 11. g3 0-0 12. Bg2 b5 13. Qa3 Qxa3 14. Nxa3 b4 15. Nc2 Bb7 16. 0-0 Na5 17. Bxb7 Rxb7 18. b3 Nc6 19. a4 a5 20. Ne1 e4 21. f3 e3 22. Ne4 Nxe4 23. fxe4 Re8 24. Rf4 d6 25. Nd3 Rbe7 26. c5 dxc5 27. Nxc5 Ne5 28. Nd3 Rc8 29. Rc1 Rxc1+ 30. Nxc1 Rc7 31. Nd3 Nxd3 32. exd3 Rc2 33. e5 Rc1+ 34. Rf1 Rxf1+ 35. Kxf1 0-1

[Event "Steinfurt Bezirksliga 1314"]
[Site "Germany"]
[Date "2013.09.14"]
[Round "1.5"]
[White "Van Dam, Hans"]
[Black "Gildehaus, Simon"]
[Result "1-0"]
[WhiteElo "1594"]
[BlackElo "1634"]
[PlyCount "65"]
[EventDate "2013.09.14"]
[EventType "team-tourn"]
[EventRounds "9"]
[EventCountry "GER"]
[SourceTitle "EXT 2015"]
[Source "ChessBase"]
[SourceDate "2014.11.20"]
[SourceVersion "1"]
[SourceVersionDate "2014.11.20"]
[SourceQuality "1"]
[WhiteTeam "Rheine Klein Berlin II"]
[BlackTeam "Saerbeck II"]
[WhiteTeamCountry "GER"]
[BlackTeamCountry "GER"]

1. e4 c5 2. Nf3 Nc6 3. d4 cxd4 4. Nxd4 Nf6 5. Nxc6 bxc6 6. Bd3 d5 7. exd5 cxd5 8. 0-0 e6 9. Re1 Bd6 10. b3 Qc7 11. h3 Be5 12. c3 Bxc3 13. Nxc3 Qxc3 14. Ba3 Qa5 15. Bd6 Ba6 16. b4 Qb6 17. Qa4+ Nd7 18. Qxa6 Qxa6 19. Bxa6 Nb6 20. Bb7 Kd7 21. Bxa8 Rxa8 22. Bf4 Nc4 23. Rac1 a5 24. b5 a4 25. Red1 Kc8 26. Rb1 Kb7 27. b6 Ra6 28. Rdc1 Ra5 29. Bc7 Ra8 30. Rb4 Ra5 31. Rcxc4 dxc4 32. Rxc4 a3 33. Rc3 1-0

[Event "Muensterland Verbandsklasse-B 1011"]
[Site "Germany"]
[Date "2011.02.19"]
[Round "7.8"]
[White "Enck, Marius"]
[Black "Van Dam, Hans"]
[Result "1/2-1/2"]
[WhiteElo "1602"]
[BlackElo "1560"]
[PlyCount "84"]
[EventDate "2010.09.18"]
[EventType "team-tourn"]
[EventRounds "9"]
[EventCountry "GER"]
[SourceTitle "EXT 2012"]
[Source "ChessBase"]
[SourceDate "2011.11.24"]
[SourceVersion "1"]
[SourceVersionDate "2011.11.24"]
[SourceQuality "1"]
[WhiteTeam "Heiden II"]
[BlackTeam "Rheine Klein Berlin II"]
[WhiteTeamCountry "GER"]
[BlackTeamCountry "GER"]

1. e4 e6 2. d4 d5 3. exd5 exd5 4. Nc3 Nf6 5. Nf3 Nc6 6. Bb5 Bd7 7. 0-0 Be7 8. Bf4 a6 9. Ba4 0-0 10. Re1 Bg4 11. h3 Bh5 12. Re3 b5 13. Bb3 Na5 14. Qe1 Bb4 15. a3 Nxb3 16. cxb3 Bxf3 17. Rxf3 Re8 18. Qd1 Ba5 19. b4 Bb6 20. Bg5 Re6 21. Qd2 Qd6 22. Bxf6 Rxf6 23. Rxf6 Qxf6 24. Nxd5 Qd6 25. Nxb6 Qxb6 26. Re1 Qd6 27. Re4 Rd8 28. Qe3 Kf8 29. Rg4 Re8 30. Re4 Rd8 31. Qc3 Re8 32. Rxe8+ Kxe8 33. Qc5 Ke7 34. Qe5+ Kf8 35. f4 f6 36. Qxd6+ cxd6 37. Kf2 d5 38. f5 Kf7 39. Kf3 Ke7 40. g4 Kf7 41. Kf4 h6 42. h4 Ke7 1/2-1/2

[Event "Muensterland Verbandsklasse-B 0910"]
[Site "Germany"]
[Date "2010.01.30"]
[Round "6.8"]
[White "Focke, Robert"]
[Black "Van Dam, Hans"]
[Result "1/2-1/2"]
[WhiteElo "1579"]
[BlackElo "1539"]
[PlyCount "67"]
[EventDate "2009.09.19"]
[EventType "team-tourn"]
[EventRounds "9"]
[EventCountry "GER"]
[SourceTitle "EXT 2011"]
[Source "ChessBase"]
[SourceDate "2010.11.26"]
[SourceVersion "1"]
[SourceVersionDate "2010.11.26"]
[SourceQuality "1"]
[WhiteTeam "Metelen"]
[BlackTeam "Rheine Klein Berlin II"]
[WhiteTeamCountry "GER"]
[BlackTeamCountry "GER"]

1. f4 d5 2. d4 Nf6 3. Nf3 Ne4 4. e3 e6 5. c4 Be7 6. g3 Nd7 7. Nbd2 Ndf6 8. Qc2 c6 9. a3 Qa5 10. c5 h6 11. b4 Qc7 12. Bd3 Nxd2 13. Bxd2 Nd7 14. 0-0 0-0 15. Ne5 Nxe5 16. fxe5 f5 17. exf6 Bxf6 18. Bc3 Qe7 19. Rf2 Bd7 20. Raf1 Bg5 21. Rxf8+ Rxf8 22. Rxf8+ Qxf8 23. Qf2 Qxf2+ 24. Kxf2 Kf7 25. Kf3 a6 26. h4 Bf6 27. e4 Bd8 28. e5 g5 29. Kg4 Kg7 30. Bd2 gxh4 31. gxh4 Be8 32. h5 Be7 33. Be3 Bd8 34. a4 1/2-1/2

[Event "Muensterland Verbandsklasse-B 0910"]
[Site "Germany"]
[Date "2009.09.19"]
[Round "1.8"]
[White "Hofene, Werner"]
[Black "Van Dam, Hans"]
[Result "0-1"]
[WhiteElo "1726"]
[BlackElo "1539"]
[PlyCount "52"]
[EventDate "2009.09.19"]
[EventType "team-tourn"]
[EventRounds "9"]
[EventCountry "GER"]
[SourceTitle "EXT 2011"]
[Source "ChessBase"]
[SourceDate "2010.11.26"]
[SourceVersion "1"]
[SourceVersionDate "2010.11.26"]
[SourceQuality "1"]
[WhiteTeam "Beelen"]
[BlackTeam "Rheine Klein Berlin II"]
[WhiteTeamCountry "GER"]
[BlackTeamCountry "GER"]

1. Nf3 e6 2. g3 Nf6 3. d3 d5 4. Bg2 Nc6 5. 0-0 Be7 6. Nbd2 0-0 7. e4 dxe4 8. dxe4 e5 9. Qe2 a6 10. c3 Bg4 11. Nc4 Qc8 12. Qc2 Qe6 13. Ne3 Bxf3 14. Bxf3 Rad8 15. Nd5 Qc8 16. h4 Nxd5 17. exd5 Na7 18. Re1 Bd6 19. Be3 b6 20. a4 f5 21. Bg5 Rde8 22. Bh5 g6 23. Be2 f4 24. Qe4 fxg3 25. fxg3 Qh3 26. Qg4 Bc5+ 0-1

[Event "Steinfurt Bezirksliga 0708"]
[Site "Germany"]
[Date "2007.09.22"]
[Round "1.6"]
[White "Van Dam, Hans"]
[Black "Limberg, Johannes"]
[Result "1-0"]
[WhiteElo "1604"]
[BlackElo "1273"]
[PlyCount "51"]
[EventDate "2007.09.22"]
[EventType "team-tourn"]
[EventRounds "9"]
[EventCountry "GER"]
[SourceTitle "EXT 2009"]
[Source "ChessBase"]
[SourceDate "2008.11.26"]
[SourceVersion "1"]
[SourceVersionDate "2008.11.26"]
[SourceQuality "1"]
[WhiteTeam "Rheine Klein Berlin II"]
[BlackTeam "Rheine SG"]
[WhiteTeamCountry "GER"]
[BlackTeamCountry "GER"]

1. e4 e5 2. f4 Bc5 3. Nf3 d6 4. Bc4 Bg4 5. fxe5 Qe7 6. Nc3 c6 7. exd6 Bxd6 8. d4 Nd7 9. 0-0 Nb6 10. Bb3 0-0-0 11. Qe1 h6 12. e5 Bb4 13. Qe4 Bxc3 14. Qxg4+ Qd7 15. Qxd7+ Nxd7 16. bxc3 Ne7 17. e6 fxe6 18. Bxe6 Kc7 19. Bf4+ Kb6 20. Rab1+ Ka6 21. Bc7 Nf6 22. Bxd8 Rxd8 23. Ne5 Ne4 24. Rb3 Nd2 25. Ra3+ Kb5 26. Rf7 1-0

[Event "Steinfurt Bezirksliga 0607"]
[Site "Germany"]
[Date "2007.03.03"]
[Round "7.6"]
[White "Roewekamp, Helmut"]
[Black "Van Dam, Hans"]
[Result "1/2-1/2"]
[WhiteElo "1691"]
[BlackElo "1606"]
[PlyCount "71"]
[EventDate "2006.09.09"]
[EventType "team-tourn"]
[EventRounds "9"]
[EventCountry "GER"]
[SourceTitle "EXT 2008"]
[Source "ChessBase"]
[SourceDate "2007.11.25"]
[SourceVersion "1"]
[SourceVersionDate "2007.11.25"]
[SourceQuality "1"]
[WhiteTeam "Reckenfeld"]
[BlackTeam "Rheine Klein Berlin II"]
[WhiteTeamCountry "GER"]
[BlackTeamCountry "GER"]

1. e4 e5 2. Nf3 Nf6 3. d3 d6 4. Be2 Be7 5. 0-0 Nc6 6. c3 0-0 7. Nbd2 b6 8. Nc4 a5 9. a3 Bb7 10. Ne3 d5 11. exd5 Nxd5 12. Nxd5 Qxd5 13. Qc2 h6 14. Ne1 Bd6 15. Bf3 Qe6 16. Be3 Nd8 17. Rd1 Qg6 18. Qe2 Bxf3 19. Nxf3 f5 20. Bc1 Nf7 21. Rfe1 Rae8 22. Nh4 Qf6 23. Qh5 Ng5 24. Nf3 Nxf3+ 25. Qxf3 e4 26. dxe4 fxe4 27. Qxf6 Rxf6 28. Be3 Rfe6 29. Rd2 Kf7 30. Red1 Ke7 31. g3 c5 32. Kg2 Rd8 33. Bf4 g5 34. Be3 Bc7 35. Rxd8 Bxd8 36. f3 1/2-1/2

[Event "Steinfurt Bezirksliga 0607"]
[Site "Germany"]
[Date "2007.01.13"]
[Round "5.6"]
[White "Schulte, Rainer"]
[Black "Van Dam, Hans"]
[Result "1/2-1/2"]
[WhiteElo "1476"]
[BlackElo "1606"]
[PlyCount "25"]
[EventDate "2006.09.09"]
[EventType "team-tourn"]
[EventRounds "9"]
[EventCountry "GER"]
[SourceTitle "EXT 2008"]
[Source "ChessBase"]
[SourceDate "2007.11.25"]
[SourceVersion "1"]
[SourceVersionDate "2007.11.25"]
[SourceQuality "1"]
[WhiteTeam "Emsdetten Rochade II"]
[BlackTeam "Rheine Klein Berlin II"]
[WhiteTeamCountry "GER"]
[BlackTeamCountry "GER"]

1. d4 Nf6 2. c4 e5 3. d5 Bc5 4. Nc3 0-0 5. Qc2 d6 6. e3 Bb4 7. Bd2 Re8 8. g3 Bg4 9. Bg2 Qd7 10. Nge2 Na6 11. a3 Bxc3 12. Nxc3 Nc5 13. b4 1/2-1/2

[Event "Steinfurt Bezirksliga 0607"]
[Site "Germany"]
[Date "2006.11.04"]
[Round "3.6"]
[White "Van Dam, Hans"]
[Black "Sterthaus, Paul"]
[Result "1-0"]
[WhiteElo "1606"]
[BlackElo "1504"]
[PlyCount "135"]
[EventDate "2006.09.09"]
[EventType "team-tourn"]
[EventRounds "9"]
[EventCountry "GER"]
[SourceTitle "EXT 2008"]
[Source "ChessBase"]
[SourceDate "2007.11.25"]
[SourceVersion "1"]
[SourceVersionDate "2007.11.25"]
[SourceQuality "1"]
[WhiteTeam "Rheine Klein Berlin II"]
[BlackTeam "Emsdetten Rochade III"]
[WhiteTeamCountry "GER"]
[BlackTeamCountry "GER"]

1. e4 c5 2. Nf3 a6 3. Nc3 d6 4. d4 cxd4 5. Nxd4 Nc6 6. Nxc6 bxc6 7. Bc4 Qc7 8. Be3 e6 9. 0-0 Be7 10. h3 Nf6 11. Bb3 0-0 12. a4 d5 13. exd5 cxd5 14. a5 Bc5 15. Bxc5 Qxc5 16. Re1 Bb7 17. Ne2 Ne4 18. Qd4 Qc6 19. Qb6 Rac8 20. Qxc6 Bxc6 21. c3 Bb5 22. Nd4 Bc4 23. Bxc4 Rxc4 24. Nc2 Ra8 25. Red1 Rc5 26. Nb4 g6 27. Nd3 Rb5 28. Ra4 Nc5 29. Nxc5 Rxc5 30. Ra3 Rb8 31. b4 Rc4 32. Rb3 Rbc8 33. Rd3 Rb8 34. Kf1 Rb5 35. Ke2 Kg7 36. Kd2 Kf6 37. f3 h5 38. Ke3 Kf5 39. g4+ hxg4 40. hxg4+ Ke5 41. Rb1 g5 42. Rh1 f5 43. gxf5 Kxf5 44. Rh8 Kf6 45. Rd8 Rc6 46. Rg8 Kf7 47. Rh8 Kg7 48. Re8 Kf7 49. Ra8 Kf6 50. Kd2 Ke5 51. Rf8 Rc4 52. Re3+ Kd6 53. Rf6 d4 54. Rexe6+ Kc7 55. Rxa6 dxc3+ 56. Kc2 Kb7 57. Rab6+ Rxb6 58. Rxb6+ Ka7 59. Rb5 Rf4 60. Rxg5 Rxf3 61. Rc5 Ka6 62. Rxc3 Rf4 63. Kb3 Kb5 64. Rc5+ Ka6 65. Rc4 Rf3+ 66. Ka4 Rf5 67. b5+ Rxb5 68. Rc6+ 1-0

[Event "Steinfurt Bezirksliga 0506"]
[Site "Germany"]
[Date "2005.10.29"]
[Round "2.6"]
[White "Van Dam, Hans"]
[Black "Henschen, Daniel"]
[Result "1/2-1/2"]
[WhiteElo "1580"]
[BlackElo "1709"]
[PlyCount "58"]
[EventDate "2005.09.24"]
[EventType "team-tourn"]
[EventRounds "9"]
[EventCountry "GER"]
[SourceTitle "EXT 2006"]
[Source "ChessBase"]
[SourceDate "2005.11.24"]
[SourceVersion "1"]
[SourceVersionDate "2005.11.24"]
[SourceQuality "1"]
[WhiteTeam "Berlin Klein Rheine II"]
[BlackTeam "Falke Saerbeck II"]
[WhiteTeamCountry "GER"]
[BlackTeamCountry "GER"]

1. e4 e5 2. Nf3 Nc6 3. Bc4 d6 4. d4 Nxd4 5. Nxd4 exd4 6. Qxd4 h6 7. 0-0 Qe7 8. Nc3 Nf6 9. Nd5 Nxd5 10. exd5 Qe5 11. Qd2 Be7 12. Re1 Qf6 13. Bb5+ Kd8 14. Qb4 a6 15. Bd3 Re8 16. Bd2 Qh4 17. Qxh4 Bxh4 18. Bc3 g6 19. g3 Be7 20. Re3 Bd7 21. Rae1 Bg5 22. f4 Rxe3 23. Rxe3 Be7 24. Kf2 Bb5 25. Bxb5 axb5 26. a3 h5 27. Kf3 Kd7 28. h3 c6 29. dxc6+ bxc6 1/2-1/2

[Event "Steinfurt Bezirksliga 0405"]
[Site "Germany"]
[Date "2005.02.05"]
[Round "6.3"]
[White "Schmitz, Carolin"]
[Black "Van Dam, Hans"]
[Result "0-1"]
[WhiteElo "1457"]
[BlackElo "1592"]
[PlyCount "72"]
[EventDate "2004.09.25"]
[EventType "team-tourn"]
[EventRounds "11"]
[EventCountry "GER"]
[SourceTitle "EXT 2006"]
[Source "ChessBase"]
[SourceDate "2005.11.24"]
[SourceVersion "1"]
[SourceVersionDate "2005.11.24"]
[SourceQuality "1"]
[WhiteTeam "Nordwalde II"]
[BlackTeam "Rheine Klein Berlin II"]
[WhiteTeamCountry "GER"]
[BlackTeamCountry "GER"]

1. e4 e5 2. Nf3 Nc6 3. Bb5 d6 4. d4 exd4 5. Nxd4 Bd7 6. 0-0 Nxd4 7. Bxd7+ Qxd7 8. Qxd4 Ne7 9. Bh6 Nc6 10. Qc3 Rg8 11. Bf4 0-0-0 12. Na3 g5 13. Be3 Bg7 14. Qb3 Rde8 15. Nb5 a6 16. Na7+ Kb8 17. Nxc6+ Qxc6 18. c3 Qd7 19. Qc2 g4 20. Bf4 h5 21. Rfe1 Be5 22. Qd2 Re6 23. Rad1 Rge8 24. Re2 Bxf4 25. Qxf4 Qb5 26. Rdd2 f5 27. f3 gxf3 28. gxf3 fxe4 29. Rxe4 Rg6+ 30. Kf2 Reg8 31. Rb4 Rg2+ 32. Ke3 Qf1 33. Rxg2 Qxg2 34. Qe4 Qg1+ 35. Kd3 Qd1+ 36. Kc4 b5+ 0-1